Statistics for Notable Noses

Click here to take the quiz!

General Stats

  • This quiz has been taken 250 times
  • The average score is 11 of 19

Answer Stats

HintAnswer% Correct
His grew when he lied.Pinocchio
96%
Noseless King of Pop.Michael Jackson
94%
One of the Beatles.Ringo Starr
93%
Had a very shiny nose.Rudolph the Red-Nosed Reindeer
90%
Singer/actress: Yentl, Funny Girl, Mrs. Focker.Barbra Streisand
83%
Noseless giant statue near the pyramids.Great Sphinx
69%
Sesame Street (platonic!) roomates.Bert and Ernie
66%
Noseless Harry Potter villain.Lord Voldemort
64%
Actor: Wedding Crashers, Dupree, I Spy.Owen Wilson
63%
“Bewitched” sorceress who could wiggle it.Samantha Stevens
56%
Big-nosed subject of classic Edmond Rostand play.Cyrano de Bergerac
50%
Late “ski-nosed” comedian, USO entertainer.Bob Hope
49%
French actor who portrayed the above in film.Gérard Depardieu
48%
Actor: Grumpy Old Men, The Odd Couple.Walter Matthau
45%
President who had skin cancer removed from nose while in office.Ronald Reagan
42%
Late singer/comedian/actor known as “Schnozzola.” Inka Dinka Doo!Jimmy Durante
35%
Larry Harmon’s clown with honking red nose.Bozo
32%
Classic comic (“my little chickadee”) with red, bulbous nose.W.C. Fields
31%
Actor: cross-dressing Klinger in M*A*S*HJamie Farr
30%

Score Distribution

Percentile by Number Answered

Percent of People with Each Score

Your Score History

You have not taken this quiz